000 00774nam a22001937a 4500
001 113862
003 DR-UNIBE
005 20250710091610.0
008 250709b2025 dr ||||| |||| 00| 0 spa d
040 _aBIBLIOTECA UNIBE
_cBIBLIOTECA UNIBE
_erda
041 _aspa
082 _aRD 338.522 R426es
110 2 _aRepública Dominicana.
_bComisión Nacional de Defensa de la Competencia (PROCOMPETENCIA)
_9154356
_eautor
245 1 0 _aEstudio de condiciones de competencia en las Administradoras de Riesgo de Salud ARS en República Dominicana
260 _aSanto Domingo :
_bComisión Nacional de Defensa de la Competencia (PROCOMPETENCIA),
_c2025
300 _a167 páginas :
_bgráficos, tablas
650 7 _2lemb
_aLibre competencia (Economía)
_9197218
942 _2ddc
_cBK
999 _c113862
_d113862